00219nam a22000857a 4500020002200000050000800022245008000030250001100110260001200121 a978-986-97417-7-4 a863 a第二十一屆林榮三文學獎得獎作品集c孫梓評.謝麗笙編輯 a初版 c2026.01